000 00574nam a2200193Ia 4500
005 20250508160151.0
008 008 250505s9999 xx 000 0 eng d
037 _aTextual
040 _aFEDL
_beng
_cFEDL
041 _aeng
_2eng
084 _a370.973, BAW
_qFEDL
100 _aBawden William T
_9768023
245 0 _aNational crisis in education : An appeal to the people
260 _aWashington, USA
_bU.S. Government Printing Office
_c1920
300 _a191p.
650 _aEducation
942 _cTEXL
_h370.973, BAW
999 _c1362367
_d1362367